Countries that Only Border Eurovision Winners - Statistics

General Stats
  • This quiz has been taken 15 times
  • The average score is 14 of 16
Answer Stats
Answer % Correct
Ireland
100%
Luxembourg
100%
United Kingdom
100%
Estonia
92%
Finland
92%
Monaco
92%
Norway
92%
San Marino
92%
Sweden
92%
Vatican City
92%
Andorra
83%
Denmark
83%
Netherlands
83%
Portugal
83%
Belgium
75%
Liechtenstein
67%
No matching quizzes found
Score Distribution
Percent of People with Each Score
Percentile by Number Answered
Your Score History
You have not taken this quiz